FC Schalke 04 Squad 2020-2021 - Statistics

General Stats
  • This quiz has been taken 80 times
    64 since last reset
  • The average score is 23 of 39
Answer Stats
# Position Nation Player % Correct
1 GK Germany Ralf Fährmann
100%
25 MF Morocco Amine Harit
93%
43 FW United States Matthew Hoppe
87%
20 DF Bosnia and Herzegovina Sead Kolašinac
83%
10 MF Algeria Nabil Bentaleb
81%
23 GK Denmark Frederik Rønnow
80%
26 DF Senegal Salif Sané
80%
34 GK Austria Michael Langer
74%
21 FW Netherlands Klaas-Jan Huntelaar
72%
5 DF Serbia Matija Nastasić
72%
6 MF Spain Omar Mascarell
70%
- Coach Greece Dimitrios Grammozis
69%
- Coach Germany Manuel Baum
67%
4 DF Turkey Ozan Kabak
67%
- Coach Switzerland Christian Gross
65%
14 FW Wales Rabbi Matondo
65%
28 MF Austria Alessandro Schöpf
63%
9 FW Belgium Benito Raman
63%
- Coach Germany David Wagner
61%
- Coach Netherlands Huub Stevens
61%
17 DF France Benjamin Stambouli
59%
18 FW Portugal Gonçalo Paciência
59%
3 DF Morocco Hamza Mendyl
57%
24 DF Germany Bastian Oczipka
56%
33 DF Finland Malick Thiaw
54%
8 MF Germany Suat Serdar
54%
31 DF Germany Timo Becker
54%
7 FW Germany Mark Uth
52%
30 DF Germany Shkodran Mustafi
52%
16 MF Morocco Nassim Boujellab
48%
13 DF Brazil William
48%
40 MF Germany Can Bozdogan
43%
15 FW Turkey Ahmed Kutucu
41%
11 FW Bosnia and Herzegovina Vedad Ibišević
39%
2 DF Germany Kilian Ludewig
30%
42 MF Germany Kerim Çalhanoğlu
26%
22 FW Germany Steven Skrzybski
19%
37 MF Germany Levent Mercan
17%
29 MF United States Nick Taitague
9%
No matching quizzes found
Score Distribution
Percent of People with Each Score
Percentile by Number Answered
Your Score History
You have not taken this quiz since the last reset